| 000 | 02337nam a2200301 4500 | ||
|---|---|---|---|
| 001 | 114641 | ||
| 003 | DR-UNIBE | ||
| 005 | 20260512145228.0 | ||
| 008 | 260512b2006 sp ||||| |||| 00| 0 spa d | ||
| 020 | _a97896410497 | ||
| 040 |
_aBIBLIOTECA UNIBE _bspa _cBIBLIOTECA UNIBE |
||
| 041 | _aspa | ||
| 082 |
_222 _a303.625 G643f |
||
| 100 | 1 |
_aGonzález Calleja, Eduardo, _d1962- _eautor _9204885 |
|
| 245 | 1 | 3 |
_aEl fenómeno terrorista / _cEduardo González Calleja |
| 260 |
_aMadrid : _bDastin, S.L., _c2006 |
||
| 300 |
_a174 páginas : _bilustraciones ; _c22 cm |
||
| 490 | _aCronica del siglo XX | ||
| 500 | _a"Consejo Superior de Investigaciones Científicas (Madrid, España)." | ||
| 504 | _aIncluye referencias bibliográficas (páginas: 163-174) e índice | ||
| 505 | 0 | _aIntroducción. Cinco oleadas de violencia terrorista | Capítulo 1. Definición e interpretaciones del terrorismo político | Capítulo 2. El terrorismo en el último cuarto del siglo XIX: populismo, nihilismo y anarquismo | Capítulo 3. El terror totalitario en la Europa de entreguerras | Capítulo 4. Terrorismo y liberación nacional en el tercer mundo | Capítulo 5. El terrorismo revolucionario y contrarrevolucionario en las sociedades avanzadas | Capítulo 6. El terrorismo étnico-nacionalista | Capítulo 7. Del terrorismo internacional al terrorismo global | Epílogo. ¿Qué tipo de violencia terrorista para el futuro? | Lista de siglas | Bibliografía | |
| 520 | 3 | _aEl terrorismo tuvo su origen en el siglo XIX pero fue en el siglo pasado en el que se convirtio en un fenomeno de dimensiones mundiales. Este libro constituye a la vez una revisión de las explicaciones que se han formulado del fenómeno terrorista desde el ámbito de las ciencias sociales, un recorrido sobre las diferentes oleadas de terror que se han producido, prestando la atención debida a las circunstancias históricas que determinaron su aparición, y también un estudio de otra vertiente fundamental para entender la complejidad del terrorismo, el terrorismo de estado. | |
| 650 | 7 |
_2lemb _aTerrorismo _xHistoria _ySiglo XX _9204894 |
|
| 700 | 1 |
_aGómez, Rebeca _edirección editorial _9204895 |
|
| 700 | 1 |
_aFernández, José María _eeditor _9204896 |
|
| 710 | 2 |
_aConsejo Superior de Investigaciones Científicas (España) _9204897 |
|
| 942 |
_2ddc _cBK |
||
| 999 |
_c114641 _d114641 |
||